Life cycle ofa a butterfly : (Record no. 59443)

MARC details
000 -LEADER
fixed length control field 02907nam a22003497a 4500
005 - DATE AND TIME OF LATEST TRANSACTION
control field 20111214142658.0
010 ## - LCCN (DPL NO)
LC control number B-468791-801
020 ## - INTERNATIONAL STANDARD BOOK NUMBER
International Standard Book Number 9788179932377
Terms of availability 75.00
035 ## - SYSTEM CONTROL NUMBER
System control number B-468791-801
037 ## - SOURCE OF ACQUISITION
Stock number Blue Berry/Ven
082 ## - DEWEY DECIMAL CLASSIFICATION NUMBER
Classification number 595.789
100 ## - MAIN ENTRY--PERSONAL NAME
Personal name Conolly, Cathryn
245 ## - TITLE STATEMENT
Title Life cycle ofa a butterfly :
Statement of responsibility, etc by Cathryn Conolly; edited by Anupama Jauhry
Remainder of title grow with me /
260 ## - PUBLICATION, DISTRIBUTION, ETC. (IMPRINT)
Place of publication, distribution, etc New Delhi
Name of publisher, distributor, etc Teri Press
Date of publication, distribution, etc 2011
270 ## - ADDRESS
Address Darbari Seth Block, IHC Complex, Lodhi Road
City New Delhi
Postal code 110003
300 ## - PHYSICAL DESCRIPTION
Extent 16p.
Other physical details col.ill
Dimensions 23cm(pbk)
490 ## - SERIES STATEMENT
Series statement Circle of life; edited by Arshi Ahmad
-- 50536
700 ## - ADDED ENTRY--PERSONAL NAME
Personal name Jauhry, Anupama
9 (RLIN) 36910
942 ## - ADDED ENTRY ELEMENTS (KOHA)
Source of classification or shelving scheme Dewey Decimal Classification
Item type Children Books
Call number suffix CON
Classification part 595.789
Holdings
Withdrawn status Lost status Not for loan Collection code Home library Current library Date acquired Source of acquisition Cost, normal purchase price Full call number Barcode Copy number Cost, replacement price Koha item type
      Non-fiction Bawana Bawana 27/07/2012 Blue Berry/IN8224/24.03.2012/43/20.03.2012/29.03.2012 75.00 595.789 CON B-468797 1 75.00 Children Books
      Non-fiction Bawana Bawana 27/07/2012 Blue Berry/IN8224/24.03.2012/43/20.03.2012/29.03.2012 75.00 595.789 CON B-468800 1 75.00 Children Books
      Non-fiction Janak Puri Janak Puri 27/07/2012 Blue Berry/IN8224/24.03.2012/43/20.03.2012/29.03.2012 75.00 595.789 CON B-468796 1 75.00 Children Books
      Non-fiction Kasturba Gandhi Marg Kasturba Gandhi Marg 27/07/2012 Blue Berry/IN8224/24.03.2012/43/20.03.2012/29.03.2012 75.00 595.789 CON B-468792 1 75.00 Children Books
      Non-fiction Katevara Katevara 27/07/2012 Blue Berry/IN8224/24.03.2012/43/20.03.2012/29.03.2012 75.00 595.789 CON B-468801 1 75.00 Children Books
  Written-off vide DLB M. No. 383 dt 16.05.19   Non-fiction Narela Narela 27/07/2012 Blue Berry/IN8224/24.03.2012/43/20.03.2012/29.03.2012 75.00 595.789 CON B-468799 1 75.00 Children Books
      Non-fiction New Rohtak Road New Rohtak Road 27/07/2012 Blue Berry/IN8224/24.03.2012/43/20.03.2012/29.03.2012 75.00 595.789 CON B-468798 1 75.00 Children Books
      Non-fiction Patel Nagar Patel Nagar 27/07/2012 Blue Berry/IN8224/24.03.2012/43/20.03.2012/29.03.2012 75.00 595.789 CON B-468791 1 75.00 Children Books
      Non-fiction Peshwa Road Peshwa Road 27/07/2012 Blue Berry/IN8224/24.03.2012/43/20.03.2012/29.03.2012 75.00 595.789 CON B-468793 1 75.00 Children Books
  Lost and Paid For   Non-fiction Sarojini Nagar Sarojini Nagar 27/07/2012 Blue Berry/IN8224/24.03.2012/43/20.03.2012/29.03.2012 75.00 595.789 CON B-468795 1 75.00 Children Books
      Non-fiction Tri Nagar Tri Nagar 27/07/2012 Blue Berry/IN8224/24.03.2012/43/20.03.2012/29.03.2012 75.00 595.789 CON B-468794 1 75.00 Children Books

© Delhi Public Library
Hit Counter
free hit counter